000
00310nam a22001457a 4500
008
180814b xxu||||| |||| 00| 0 eng d
020
_a
9780065010909
041
_a
eng
080
_a
37
082
_a
37
100
_a
25
101
_a
EDU
245
_a
A process of inquiry
_c
Graziano.A.m
942
_2
udc
_c
BK
999
_c
47112
_d
47112